| 000 | 01449nam a2200409 c 4500 | ||
|---|---|---|---|
| 001 | 14641 | ||
| 003 | ES-MaCES | ||
| 005 | 20150925135632.0 | ||
| 008 | 030225s2002 sp b t o000 | spa d | ||
| 017 |
_aM 49670-2002 _bDL |
||
| 020 | _a847476338X | ||
| 024 | 7 |
_a004-02-014-7 _2nipo |
|
| 035 | _aCES20030001720m | ||
| 040 |
_aES-MaCES _bspa _cES-MaCES |
||
| 245 | 0 | 4 |
_aLos últimos mineros _b: un estudio antropológico sobre la minería en España _cJosé Luis García García ... [et al.] |
| 250 | _a1ª ed | ||
| 260 |
_aMadrid _bCentro de Investigaciones Sociológicas _bSiglo XXI de España _c2002 |
||
| 300 |
_aXVI, 377 p. _bmapas bl. y n. _c21 cm |
||
| 490 | 1 |
_aMonografías _v193 |
|
| 504 | _aBibliografía: p. 371-377 | ||
| 541 | _cGratuito | ||
| 650 | 4 |
_aminero _928439 |
|
| 650 | 4 |
_aexplotación minera _927815 |
|
| 650 | 4 |
_arelaciones humanas _928211 |
|
| 650 | 4 |
_aantropología social y cultural _927254 |
|
| 650 | 4 |
_aEspaña _926964 |
|
| 650 | 4 |
_aestudio de casos _928846 |
|
| 653 | 1 | 0 | _aPolíticas sectoriales |
| 650 | 4 |
_930601 _aestrategia empresarial |
|
| 650 | 4 |
_928369 _arelaciones laborales |
|
| 700 | 1 |
_aGarcía García, José Luis _912903 |
|
| 710 | 2 |
_aCentro de Investigaciones Sociológicas (Madrid) _eed. _91893 |
|
| 830 | 0 |
_aMonografías (Centro de Investigaciones Sociológicas (Madrid)) _v193 _932524 |
|
| 902 | _aLIB Libro | ||
| 942 |
_2CES _cBK _h5.2. |
||
| 999 |
_c14641 _d14641 |
||